| 000 | 01182nam a22002657a 4500 | ||
|---|---|---|---|
| 005 | 20170124102936.0 | ||
| 010 | _aA-820264 | ||
| 020 | _c80.00 | ||
| 035 | _aA-820264 | ||
| 037 | _bCen Lib/Ret | ||
| 040 |
_aDPL _bHN |
||
| 082 |
_a745.7095453 _bअवधे |
||
| 100 |
_aअवधेश अमन _9118312 |
||
| 245 |
_aमिथिला की लोक चित्रकला सफलताएँ असफलताए / _cअवधेश अमन |
||
| 246 |
_aMithila ki lok chitrakala safaltayen asafaltayen / _bby Avdhesh Aman |
||
| 260 |
_aनयी दिल्ली _bललित कला अकादेमी _c1992 |
||
| 270 |
_bनयी दिल्ली _aरबिन्द्र भवन _e110001 |
||
| 300 |
_a72पृ. _c19सेमी (सजिल्द) |
||
| 500 | _aपरिशिष्ट और सन्दर्भ शामिल | ||
| 650 |
_aमधुबनी चित्रकला _z _946804 |
||
| 650 |
_aमिथिला की चित्रकला _944740 |
||
| 650 |
_aMadhubani Paintings _946805 |
||
| 650 |
_aMithila painting _946806 |
||
| 942 |
_2ddc _cHN _h745.7095453 _mअवधे |
||
| 999 |
_c112307 _d112307 |
||